| 000 | 00428cam a2200169ua 4500 | ||
|---|---|---|---|
| 020 | _c12.60 | ||
| 041 |
_aeng _h |
||
| 082 |
_a745.61 _bFOO/PL |
||
| 100 | _aFooks, Edwin G . | ||
| 245 |
_aPlain and ornamental lettering / _cEdwin G Fooks. _hTextual Documents |
||
| 260 |
_aMelbourne : _bSir Isaac Pitman & Sons Ltd , _c1961. |
||
| 300 | _a ; . | ||
| 365 | _a12.60 | ||
| 504 | _a | ||
| 942 | _cBK | ||
| 999 |
_c5812 _d5812 |
||